[Event "EU-ch Online U14"]
[Site "Tornelo INT"]
[Date "2020.09.19"]
[Round "5"]
[White "Zlatkov, Anton"]
[Black "Skarphedinsson, Ingvar Wu"]
[Result "1-0"]
[WhiteElo "1761"]
[BlackElo "1218"]
[PlyCount "69"]
[EventDate "2020.09.18"]
[EventType "swiss (rapid)"]
[EventRounds "9"]
[EventCountry "ENG"]
[SourceTitle "EXT 2023"]
[Source "ChessBase"]
[SourceDate "2022.10.05"]
[SourceVersion "1"]
[SourceVersionDate "2022.10.05"]
[SourceQuality "1"]
[WhiteTeam "Macedonia"]
[BlackTeam "Island"]
[WhiteTeamCountry "MKD"]
[BlackTeamCountry "ISL"]

1. e4 e5 2. Nf3 Nc6 3. d4 exd4 4. Bc4 Nf6 5. e5 d5 6. Bb5 Ne4 7. Nxd4 Bd7 8. Bxc6 bxc6 9. 0-0 Bc5 10. f3 Ng5 11. Be3 Ne6 12. f4 Bxd4 13. Bxd4 Nxd4 14. Qxd4 0-0 15. Nd2 Bf5 16. c3 Qb8 17. b4 Bc2 18. a4 Qb6 19. Rfc1 Bf5 20. Nb3 Qxd4+ 21. Nxd4 Bd7 22. a5 Rab8 23. Re1 Rfe8 24. f5 Re7 25. e6 fxe6 26. fxe6 Rd8 27. exd7 Rdxd7 28. Nxc6 Rxe1+ 29. Rxe1 g6 30. Nxa7 d4 31. cxd4 Rxd4 32. Nc6 Rc4 33. b5 Rc5 34. a6 Rxc6 35. bxc6 1-0

[Event "Reykjavik ISL-ch op"]
[Site "Reykjavik"]
[Date "2020.08.26"]
[Round "5"]
[White "Jonsson, Olafur Gisli"]
[Black "Skarphedinsson, Ingvar Wu"]
[Result "1-0"]
[WhiteElo "1794"]
[BlackElo "1546"]
[PlyCount "73"]
[EventDate "2020.08.22"]
[EventType "swiss"]
[EventRounds "9"]
[EventCountry "ISL"]
[SourceTitle "CBM 198 Extra"]
[Source "ChessBase"]
[SourceDate "2020.11.30"]
[SourceVersion "1"]
[SourceVersionDate "2020.11.30"]
[SourceQuality "1"]

1. d4 d5 2. Nf3 Nf6 3. e3 e6 4. Bd3 c5 5. b3 Nc6 6. 0-0 Be7 7. Bb2 0-0 8. a3 b6 9. Nbd2 a5 10. Ne5 Qc7 11. f4 cxd4 12. exd4 Ba6 13. c4 dxc4 14. bxc4 Rfd8 15. Ndf3 Nxe5 16. fxe5 Nd7 17. Qe2 Bb7 18. Rac1 Nf8 19. Kh1 Ng6 20. Qe3 Rac8 21. h4 Bxf3 22. Rxf3 Bxh4 23. Rcf1 Rf8 24. Rh3 Qe7 25. Qf3 f5 26. Bc1 Bg5 27. Qh5 Bxc1 28. Qxh7+ Kf7 29. Bxf5 exf5 30. Rxf5+ Ke8 31. Qxg6+ Kd8 32. Rxf8+ Qxf8 33. Qxb6+ Kd7 34. e6+ Ke7 35. Rf3 Qh8+ 36. Kg1 Rf8 37. Qc7+ 1-0